000 00583nam a2200229 a 4500
001 nice12345678
003 IN_TiNIC
005 20260116012251.0
008 050524s1987 loua grp 000 0 eng
020 _a0664615
_c100
082 0 0 _a291
_bHAI
100 _aHaines, Byron L
245 _aChristians and Muslims Together
260 _aLouisville
_bWestminister Press
_c1987
300 _a130p
500 _aincludes index and biblioraphy
505 2 _aGlossary, Bibliography
650 _aComparative Religion
902 _bSRS
942 _cBK
999 _c6316
_d6316